MARC details
| 000 -CABECERA |
| campo de control de longitud fija |
01975nas a2200325 a 4500 |
| 001 - NÚMERO DE CONTROL |
| campo de control |
235069 |
| 003 - IDENTIFICADOR DEL NÚMERO DE CONTROL |
| campo de control |
AGNRD |
| 005 - FECHA Y HORA DE LA ÚLTIMA TRANSACCIÓN |
| campo de control |
20250415100900.0 |
| 007 - CAMPO FIJO DE DESCRIPCIÓN FÍSICA--INFORMACIÓN GENERAL |
| campo de control de longitud fija |
ta |
| 008 - DATOS DE LONGITUD FIJA--INFORMACIÓN GENERAL |
| campo de control de longitud fija |
890206s spco || o001 ||spa| |
| 010 ## - NÚMERO DE CONTROL DE LA BIBLIOTECA DEL CONGRESO |
| Número de control de LC |
1962 |
| 040 ## - FUENTE DE LA CATALOGACIÓN |
| Centro catalogador/agencia de origen |
AGNRD |
| Centro/agencia transcriptor |
AGNRD |
| Normas de descripción |
RDA |
| Centro/agencia modificador |
DO-SdBNP |
| 041 ## - CÓDIGO DE LENGUA |
| Código de lengua del texto/banda sonora o título independiente |
spa |
| 130 ## - ENTRADA PRINCIPAL--TÍTULO UNIFORME |
| Título uniforme |
4 poemas heroicos |
| 9 (RLIN) |
87275 |
| 245 0# - MENCIÓN DE TÍTULO |
| Título |
Concurso literario : cuatro poemas heroicos : |
| Resto del título |
un ensayo, un discurso / |
| Mención de responsabilidad, etc. |
dibujos: Gilberto Hernández Ortega. |
| 264 ## - PRODUCCIÓN, PUBLICACIÓN, DISTRIBUCIÓN, FABRICACIÓN Y COPYRIGHT |
| Producción, publicación, distribución, fabricación y copyright |
Santo Domingo, República Dominicana : |
| Nombre del de productor, editor, distribuidor, fabricante |
Ediciones Brigadas Dominicanas. |
| -- |
Editorial El Caribe, |
| Fecha de producción, publicación, distribución, fabricación o copyright |
1962. |
| 300 4# - DESCRIPCIÓN FÍSICA |
| Extensión |
volumen : |
| Otras características físicas |
ilustraciones, dibujos ; |
| Dimensiones |
24.5 cm. |
| 336 ## - TIPO DE CONTENIDO |
| Término de tipo de contenido |
texto |
| Código de tipo de contenido |
txt |
| Fuente |
rdacontent |
| 337 ## - TIPO DE MEDIO |
| Nombre/término del tipo de medio |
sin mediación |
| Código del tipo de medio |
n |
| Fuente |
rdamedia |
| 338 ## - TIPO DE SOPORTE |
| Nombre/término del tipo de soporte |
volumen |
| Código del tipo de soporte |
nc |
| Fuente |
rdacarrier |
| 362 ## - FECHAS DE PUBLICACIÓN Y/O DESIGNACIÓN SECUENCIAL |
| Fecha de publicación y/o designación secuencial |
Mayo 1962. |
| 490 ## - MENCIÓN DE SERIE |
| Mención de serie |
Colección Baluarte ; dirigida por Aída Cartagena Portalatín. |
| 505 ## - NOTA DE CONTENIDO CON FORMATO |
| Nota de contenido con formato |
Concurso literario celebrado por el Comité Ejecutivo de la Junta Pro Glorificación de los Héroes del 30 de mayo, de las Hermanas Mirabal, Luperón, Maimón, Constanza y Estero Hondo, mayo 30 de 1962. |
| 505 ## - NOTA DE CONTENIDO CON FORMATO |
| Nota de contenido con formato |
Sucs. Aida Cartagena Portalatín. |
| 505 ## - NOTA DE CONTENIDO CON FORMATO |
| Nota de contenido con formato |
Introducción, 9.-- Marcio Veloz Maggiolo / “Salmo heroico a las hermanas Mirabal”, 13.-- “Canto al 30 de mayo”, 16.-- Lupo Hernández Rueda / “Canción a los héroes de Constanza, Maimón y Estero Hondo”, 23.-- Aida Cartagena Portalatín / “La ira sagrada” (canto a la Gesta del 30 de mayo”, 29.-- Domingo Oct. Bergés Bordas / “Significado histórico del 30 de mayo de 1961, fecha clave en el proceso histórico por la libertad dominicana”, 39.-- Eduardo Sánchez Cabral / Reconocimiento, 57.-- Discurso pronunciado el 30 de mayo de 1962, 59.-- Veredictos, 71-72. |
| 650 #0 - PUNTO DE ACCESO ADICIONAL DE MATERIA--TÉRMINO DE MATERIA |
| Término de materia o nombre geográfico como elemento de entrada |
Cuentos dominicanos |
| Subdivisión general |
Concurso |
| 9 (RLIN) |
1843 |
| Subdivisión de forma |
Publicación periódica |
| 650 #0 - PUNTO DE ACCESO ADICIONAL DE MATERIA--TÉRMINO DE MATERIA |
| Término de materia o nombre geográfico como elemento de entrada |
Novela dominicana |
| 9 (RLIN) |
1368 |
| Subdivisión de forma |
Publicación periódica |
| 700 1# - PUNTO DE ACCESO ADICIONAL--NOMBRE DE PERSONA |
| Nombre de persona |
Hernández Ortega, Giberto, |
| Fechas asociadas al nombre |
1924-1978 |
| Término indicativo de función/relación |
dibujos |
| 9 (RLIN) |
124455 |
| 942 ## - ELEMENTOS DE PUNTO DE ACCESO ADICIONAL (KOHA) |
| Fuente del sistema de clasificación o colocación |
Dewey Decimal Classification |
| Tipo de ítem Koha |
Publicación periódica |